Monty Python's "Always Look on the Bright Side of Life" Lyrics quiz - Statistics

General Stats
  • This quiz has been taken 103 times
  • The average score is 191 of 251
Answer Stats
Answer % Correct
a
100%
always
99%
life
99%
on
99%
the
99%
look
97%
of
97%
side
97%
bright
96%
you
92%
when
88%
be
79%
it
78%
just
78%
your
78%
and
75%
don't
74%
for
74%
is
74%
so
74%
whistle
74%
in
73%
you're
73%
at
71%
death
71%
life's
71%
piece
70%
Some
70%
are
68%
give
68%
thing
68%
can
67%
light
67%
make
67%
they
67%
that
66%
if
64%
laugh
64%
things
64%
mad
63%
really
63%
see
63%
bad
62%
breath
62%
terminal
62%
there's
62%
to
62%
it's
59%
something
59%
draw
58%
joke
58%
out
58%
rotten
58%
sin
58%
smile
58%
before
56%
forgotten
56%
go
56%
right
56%
silly
56%
sing
56%
that's
56%
you've
56%
chewing
55%
curse
55%
dance
55%
jolly
55%
last
55%
other
55%
seems
55%
true
55%
best
53%
feeling
53%
grumble
53%
turn
53%
as
52%
remember
52%
lips
51%
swear
51%
chumps
49%
dumps
49%
all
48%
death's
48%
with
47%
gristle
44%
keep
44%
purse
44%
show
44%
final
42%
laughing
42%
quite
42%
this'll
42%
absurd
41%
curtain
41%
audience
40%
grin
40%
word
40%
bow
38%
chance
38%
forget
38%
help
38%
must
38%
come
37%
face
37%
about
36%
you'll
36%
anyhow
34%
enjoy
34%
em
32%
up
30%
Brian
19%
cheer
18%
No matching quizzes found
Score Distribution
Percent of People with Each Score
Percentile by Number Answered
Your Score History
You have not taken this quiz